Länder mit der höchsten Korruption - Statistiken

Allgemein
  • Dieses Quiz wurde 139 mal gespielt
  • Das Durchschnittsergebnis liegt bei 8 aus 16
Antwortstatistiken
Platz Land Korruptionsindex % Korrekt
9. Demokratische Republik Kongo 82
74%
12. Republik Kongo 81
73%
4. Venezuela 85
65%
12. Afghanistan 81
62%
1. Somalia 88
62%
6. Sudan 84
61%
3. Syrien 86
61%
9. Nordkorea 82
59%
1. Südsudan 88
54%
4. Jemen 85
48%
8. Libyen 83
47%
12. Burundi 81
40%
12. Guinea-Bissau 81
36%
9. Haiti 82
31%
12. Turkmenistan 81
29%
6. Äquatorialguinea 84
23%
Keine übereinstimmenden Quizze gefunden
Verteilung der Resultate
Anzahl Personen mit jedem Resultat
Perzentil nach korrekt beantworteten Fragen
Ihre Resultats-Entwicklung
Sie haben dieses Quiz noch nicht gespielt